| 000 | 00782nas a2200253 4500 | ||
|---|---|---|---|
| 001 | BR8000019 | ||
| 003 | BR-BrBNA | ||
| 005 | 20231205084055.0 | ||
| 007 | ta | ||
| 008 | 230509b bl.|||p| |||| 00| 00por d | ||
| 040 |
_aBR-BrBNA _bpor _cBiblioteca Nacional de Agricultura |
||
| 041 | _a(Pt) | ||
| 072 | _aH50 | ||
| 100 | 1 | _aAlvarenga, A.A. de | |
| 100 | 1 | _aGomide, M.B. | |
| 100 | 1 | _aPena, A.B. | |
| 100 | 1 | _aBarros, R.S. | |
| 245 | 1 | _aCafe: a recuperacao das lavouras atingidas pela geada [Coffea arabica] | |
| 650 | _aCAFE | ||
| 650 | _aGEADA | ||
| 773 | 0 |
_tInforme Agropecuario - Empresa de Pesquisa Agropecuaria de Minas Gerais (Brazil) _xISSN 0100-3364 _g(Jun 1979), v. 5(54) p. 25-26 _wBR8000019 |
|
| 909 |
_a202311 _bLúcia _c55 _dLúcia Elande |
||
| 942 |
_2AGRIS _n0 _cANA |
||
| 999 |
_c102972 _d102972 |
||